Örneklerle enflasyon düzeltmesi muhasebesi (Record no. 7587)

MARC details
000 -BAŞLIK
Sabit Uzunlukta Kontrol Alanı 01192na a2200289 4500
001 - KONTROL NUMARASI
Denetim Alanı 20675
003 - KONTROL NUMARASI IDENTIFIER
Denetim Alanı MIRAKIL
005 - SON İŞLEM TARİHİ VE ZAMANI
Denetim Alanı 20181213155144.0
008 - SABİT-BOY VERİ ELEMANLARI - GENEL BİLGİLER
Sabit Uzunlukta Kontrol Alanı 170126b tu 000 0
040 ## - KATALOGLAMA KAYNAK
Orijinal Kataloglama Ajansı Milas
Kataloglama Dili tur
Metne Dönüştürmek Ajansı TR-AnCHP
041 ## - DİL KODU
Metin / Ses Parça Veya Ayrı Başlığın Dil Kodu tur
082 ## - DEWEY ONLU SINIFLANDIRMA NUMARASI
Sınıflandırma Numarası 657
Ürün Numarası P34ö 2004
090 ## - SINIFLAMA NUMARASI
Sınıflama Numarası 657 P34ö 2004
100 ## - ANA GİRİŞ - KİŞİSEL İSİM
Kişisel Ad Pekdemir, Recep
245 ## - BAŞLIK TABLOSU
Başlık Örneklerle enflasyon düzeltmesi muhasebesi
Başlığın Kalan 5024 sayılı kanun ( genişletilmiş yeniden değerleme)
-- Geçmişin temizlenmesi ve kazançların enflasyona göre vergilendirilmesi
Sorumluluk Tablosu, Vb Recep Pekdemir, Yakup Selvi
246 ## - UNVAN FORM VARYING
Başlık Doğru / Kısa Başlığı 5024 sayılı kanun ( genişletilmiş yeniden değerleme)
246 ## - UNVAN FORM VARYING
Başlık Doğru / Kısa Başlığı Geçmişin temizlenmesi ve kazançların enflasyona göre vergilendirilmesi
260 ## - YAYIN, DAĞITIM, VB
Yayın, Dağıtım, Vb Yeri İstanbul
Yayıncı, Dağıtıcı, Vs Adı İSMMO
Yayın, Dağıtım, Vb Tarihi 2004
Üretici Firma Lebib Yalkın Yayımları ve baskı işleri
300 ## - FİZİKSEL TANIM
Kapsam 304 s.
Diğer Fiziksel Ayrıntıları tbl.
Boyutlar 23 sm.
440 ## - SERİSİ TABLOSU / KATMA GİRİŞİ - BAŞLIK
Başlık ISMMO
Bir İşin Parçası / Bölüm Sayısı 48
650 ## - KONU KATMA GİRİŞ - TOPİKAL DÖNEM
Topikal Süreli Veya Coğrafi Ad Giriş Elemanı Muhasebe
Genel Alt Bölümü Enflasyon
700 ## - KATMA GİRİŞ - KİŞİSEL İSİM
Kişisel Ad Selvi, Yakup
710 ## - KATMA GİRİŞ - KURUMSAL ADI
Giriş Elemanı Olarak Kurumsal Ad Veya Yargı Alanı Adı İstanbul Serbest Muhasebeci Mali Müşavirler Odası
740 ## - KATMA GİRİŞ - KONTROLSUZ İLGİLİ / ANALİTİK BAŞLIK
Kontrol Edilmeyen / İlgili Analitik Başlıktaki 5024 sayılı kanun ( genişletilmiş yeniden değerleme)
740 ## - KATMA GİRİŞ - KONTROLSUZ İLGİLİ / ANALİTİK BAŞLIK
Kontrol Edilmeyen / İlgili Analitik Başlıktaki Geçmişin temizlenmesi ve kazançların enflasyona göre vergilendirilmesi
942 ## - EKLENDİ GİRİŞ ELEMANLARI (KOHA)
Sınıflandırma Veya Raf Düzeni Kaynak Dewey Decimal Classification
Koha Öğesi Türü Books
999 ## - SİSTEM KONTROL NUMARALARI (KOHA)
Koha Biblionumber 7587
Koha Biblioitemnumber 7587
Holdings
Kalıcı Konum Mevcut Konum Edinme Tarihi Edinim Kaynak Toplam Check-Out'Lar Tam Çağrı Numarası Barkod Tarih Son Görülme İtibaren Geçerli Fiyatlar Koha Öğesi Türü
CHP Kütüphanesi CHP Kütüphanesi 01/26/2017 Bağış   657 P34ö 2004 012107 01/26/2017 01/26/2017 Books